Online
Catalog

El valle de los caballos / (Record no. 34864)

MARC details
000 -CABECERA
campo de control de longitud fija 01019nam a2200241 a 4500
001 - NÚMERO DE CONTROL
campo de control 000035373
005 - FECHA Y HORA DE LA ÚLTIMA TRANSACCIÓN
campo de control 20200930074308.0
008 - DATOS DE LONGITUD FIJA--INFORMACIÓN GENERAL
campo de control de longitud fija 111028s1984 ag 000 f spa d
020 ## - NÚMERO INTERNACIONAL ESTÁNDAR DEL LIBRO
Número Internacional Estándar del Libro 9501502945
040 ## - FUENTE DE LA CATALOGACIÓN
Centro catalogador/agencia de origen DO-SdBNP
Lengua de catalogación spa
Centro/agencia transcriptor BNPHU
041 17 - CÓDIGO DE LENGUA
Código de lengua del texto/banda sonora o título independiente spa
Código de lengua original eng
100 1# - ENTRADA PRINCIPAL--NOMBRE DE PERSONA
Nombre de persona Auel, Jean
9 (RLIN) 61182
245 13 - MENCIÓN DE TÍTULO
Título El valle de los caballos /
Mención de responsabilidad, etc. Jean Auel ; traducción Raúl Acuña.
260 ## - PUBLICACIÓN, DISTRIBUCIÓN, ETC.
Lugar de publicación, distribución, etc. Buenos Aires :
Nombre del editor, distribuidor, etc. Javier Vergara Editor,
Fecha de publicación, distribución, etc. 1984.
300 ## - DESCRIPCIÓN FÍSICA
Extensión 338 p ;
Dimensiones 20 cm.
490 0# - MENCIÓN DE SERIE
Mención de serie Los hijos de la tierra ;
Designación de volumen o secuencia 3
500 ## - NOTA GENERAL
Nota general La saga "Los hijos de la tierra" se compone de siguientes libros: El Clan del Oso Cavernario, La Cazadora, El Valle de los Caballos, El Encuentro, Los cazadores de mamuts, Las llanuras del tránsito, Los refugios de piedra, La Tierra de las cuevas pintadas.
500 ## - NOTA GENERAL
Nota general Tít. original: The valley of the horses
650 24 - PUNTO DE ACCESO ADICIONAL DE MATERIA--TÉRMINO DE MATERIA
Término de materia o nombre geográfico como elemento de entrada Literatura estadounidense
9 (RLIN) 263
650 24 - PUNTO DE ACCESO ADICIONAL DE MATERIA--TÉRMINO DE MATERIA
Término de materia o nombre geográfico como elemento de entrada Novela estadounidense
9 (RLIN) 262
700 1# - PUNTO DE ACCESO ADICIONAL--NOMBRE DE PERSONA
Nombre de persona Acuña, Raúl,
Término indicativo de función/relación trad.
9 (RLIN) 61183
830 #4 - PUNTO DE ACCESO ADICIONAL DE SERIE-TÍTULO UNIFORME
Título uniforme Los hijos de la tierra ;
Número de parte o sección de la obra 3
9 (RLIN) 61185
Holdings
Estado de retiro Estado de pérdida Restricciones de uso No para préstamo Código de colección Localización permanente Ubicación/localización actual Ubicación en estantería Fecha de adquisición Número de inventario Total de préstamos Signatura topográfica completa Código de barras Fecha visto por última vez Precio válido a partir de Tipo de ítem Koha Nota pública
        Monografías: Libros y Folletos General General Orden iniciada 28.10.2011 LF1   35373-10 25.06.2020 25.06.2020 No se presta Biblioteca Juan Isidro Jiménes Grullón

Powered by Koha